000 00508nam a2200193Ia 4500
001 51725
008 140503s9999 xx 000 0 und d
020 _a9789350142288
040 _cPK-LaUMT
082 _a 621.042
_bHAS-N
100 _aSaeed, S. Hasan
245 _aNon-converntional energy resources
_cSaeed, S. Hasan<>Sharma, D. K.
260 _aNew Delhi,India:
_bS. K. Katria,
_c2012
300 _a314 p.
546 _aEN
650 _aEnergy engineering
700 _aSharma, D. K.
942 _cBK
999 _c49194
_d49194